000 00703nam a2200181Ia 4500
008 151202s9999||||xx |||||||||||||| ||und||
082 _bPNVM-69671
100 _aसंपा- कोठावळे अशोक केशव.
245 _aललित - जुलै ते सप्टेंबर 2011.
260 _b---
260 _c69671
300 _a0
600 _aसंपा- कोठावळे अशोक केशव.
630 _aललित - जुलै ते सप्टेंबर 2011.
700 _aसंपा- कोठावळे अशोक केशव.
730 _aललित - जुलै ते सप्टेंबर 2011.
942 _cBOOK
999 _c1336181
_d1336178